<?xml version="1.0" encoding="UTF-8"?>
<record
    xmlns:xsi="http://www.w3.org/2001/XMLSchema-instance"
    xsi:schemaLocation="http://www.loc.gov/MARC21/slim http://www.loc.gov/standards/marcxml/schema/MARC21slim.xsd"
    xmlns="http://www.loc.gov/MARC21/slim">

  <leader>01955nam a22002537a 4500</leader>
  <controlfield tag="005">20211025162441.0</controlfield>
  <controlfield tag="008">211025b           ||||| |||| 00| 0 eng d</controlfield>
  <datafield tag="020" ind1=" " ind2=" ">
    <subfield code="a">067005822X</subfield>
  </datafield>
  <datafield tag="040" ind1=" " ind2=" ">
    <subfield code="c">AL</subfield>
  </datafield>
  <datafield tag="041" ind1=" " ind2=" ">
    <subfield code="a">Eng</subfield>
  </datafield>
  <datafield tag="082" ind1=" " ind2=" ">
    <subfield code="2">23</subfield>
    <subfield code="a">320.954</subfield>
    <subfield code="b">JALF</subfield>
  </datafield>
  <datafield tag="100" ind1=" " ind2=" ">
    <subfield code="a">Bimal Jalan</subfield>
    <subfield code="9">1723</subfield>
  </datafield>
  <datafield tag="245" ind1=" " ind2=" ">
    <subfield code="a">Future of India</subfield>
    <subfield code="b">Politics Economics and Governance</subfield>
  </datafield>
  <datafield tag="260" ind1=" " ind2=" ">
    <subfield code="a">New Delhi</subfield>
    <subfield code="b">Penguin India</subfield>
    <subfield code="c">2005</subfield>
  </datafield>
  <datafield tag="300" ind1=" " ind2=" ">
    <subfield code="a">xiii,212p.</subfield>
    <subfield code="b">HB</subfield>
    <subfield code="c">22x14cm.</subfield>
  </datafield>
  <datafield tag="365" ind1=" " ind2=" ">
    <subfield code="b">&#x20B9;350.00</subfield>
    <subfield code="c">&#x20B9;</subfield>
    <subfield code="d">&#x20B9;350.00</subfield>
  </datafield>
  <datafield tag="520" ind1=" " ind2=" ">
    <subfield code="a">In The Future of India: Politics, Economics and Governance , Bimal Jalan, former governor of the Reserve Bank of India, takes up the formidable challenge of examining the nuts and bolts of this proposition. In his thought-provoking, clear-sighted analysis, he argues that the key factors to success are three: politics, economics and governance. It is the interface between these, and their combined effect on the functioning of our democracy, which will largely determine India&#xB9;s future. An understanding of this interface will help explain the swings in India&#xB9;s political and economic fortunes over the past decades, and why the promise has been belied.
In the light of experience, argues Jalan, there is no certainty that the present euphoria will last unless there is the political will to seize the new opportunities that are available. He proceeds to suggest steps that can be taken to smoothen our path to progress: ways to strengthen Parliament and the judiciary; a series of political reforms that would, among other things, see greater accountability among ministers; and effective ways to curb corruption and enhance fiscal viability. In all these there is an emphasis on the pragmatic, born of Jalan's experience as an administrator, economist and member of Parliament.</subfield>
  </datafield>
  <datafield tag="650" ind1=" " ind2=" ">
    <subfield code="a">India</subfield>
    <subfield code="9">1711</subfield>
  </datafield>
  <datafield tag="650" ind1=" " ind2=" ">
    <subfield code="a">Politics</subfield>
    <subfield code="9">1712</subfield>
  </datafield>
  <datafield tag="650" ind1=" " ind2=" ">
    <subfield code="a">Economics</subfield>
    <subfield code="9">1713</subfield>
  </datafield>
  <datafield tag="650" ind1=" " ind2=" ">
    <subfield code="a">Governance</subfield>
    <subfield code="9">1714</subfield>
  </datafield>
  <datafield tag="700" ind1=" " ind2=" ">
    <subfield code="a">JALAN (Bimal)</subfield>
    <subfield code="9">1715</subfield>
  </datafield>
  <datafield tag="942" ind1=" " ind2=" ">
    <subfield code="2">ddc</subfield>
    <subfield code="c">GF</subfield>
  </datafield>
  <datafield tag="999" ind1=" " ind2=" ">
    <subfield code="c">216679</subfield>
    <subfield code="d">216679</subfield>
  </datafield>
  <datafield tag="952" ind1=" " ind2=" ">
    <subfield code="0">0</subfield>
    <subfield code="1">0</subfield>
    <subfield code="2">ddc</subfield>
    <subfield code="4">0</subfield>
    <subfield code="7">0</subfield>
    <subfield code="8">PS</subfield>
    <subfield code="a">AL</subfield>
    <subfield code="b">AL</subfield>
    <subfield code="d">2013-03-24</subfield>
    <subfield code="l">0</subfield>
    <subfield code="o">320.954 JALF</subfield>
    <subfield code="p">GF00724</subfield>
    <subfield code="r">2021-10-25 00:00:00</subfield>
    <subfield code="y">GF</subfield>
  </datafield>
  <datafield tag="952" ind1=" " ind2=" ">
    <subfield code="0">0</subfield>
    <subfield code="1">0</subfield>
    <subfield code="2">ddc</subfield>
    <subfield code="4">0</subfield>
    <subfield code="7">0</subfield>
    <subfield code="8">PS</subfield>
    <subfield code="a">AL</subfield>
    <subfield code="b">AL</subfield>
    <subfield code="d">2014-11-28</subfield>
    <subfield code="l">0</subfield>
    <subfield code="o">320.954 JALF</subfield>
    <subfield code="p">D05314</subfield>
    <subfield code="r">2022-12-22 00:00:00</subfield>
    <subfield code="w">2022-12-22</subfield>
    <subfield code="y">DB</subfield>
    <subfield code="z">Donated by V. T. Rajshekar</subfield>
  </datafield>
</record>
